[Event "NRW-ch U12"]
[Site "Kranenburg"]
[Date "2008.03.29"]
[Round "7"]
[White "Ertel, David"]
[Black "Baerwolf, Steven"]
[Result "0-1"]
[WhiteElo "963"]
[BlackElo "1587"]
[PlyCount "34"]
[EventDate "2008.03.24"]
[EventType "swiss"]
[EventRounds "7"]
[EventCountry "GER"]
[SourceTitle "EXT 2009"]
[Source "ChessBase"]
[SourceDate "2008.11.26"]
[SourceVersion "1"]
[SourceVersionDate "2008.11.26"]
[SourceQuality "1"]

1. e4 e6 2. d4 d5 3. Nc3 Bb4 4. Bd3 c5 5. dxc5 dxe4 6. Bb5+ Bd7 7. Qd4 Bxc3+ 8. Qxc3 Bxb5 9. Qxg7 Qf6 10. Qg4 Ne7 11. Qxe4 Bc6 12. Qb4 Bxg2 13. Bd2 Bxh1 14. Bc3 Qg6 15. 0-0-0 Nbc6 16. Qxb7 Nd4 17. Qb4 Qxc2# 0-1

[Event "NRW-ch U12"]
[Site "Kranenburg"]
[Date "2008.03.24"]
[Round "1"]
[White "Reksten, Daniel"]
[Black "Ertel, David"]
[Result "1-0"]
[WhiteElo "1326"]
[BlackElo "963"]
[PlyCount "91"]
[EventDate "2008.03.24"]
[EventType "swiss"]
[EventRounds "7"]
[EventCountry "GER"]
[SourceTitle "EXT 2009"]
[Source "ChessBase"]
[SourceDate "2008.11.26"]
[SourceVersion "1"]
[SourceVersionDate "2008.11.26"]
[SourceQuality "1"]

1. e4 e6 2. d4 d5 3. e5 c5 4. c3 Nc6 5. Nf3 Be7 6. Be3 Qb6 7. Qb3 Qxb3 8. axb3 b6 9. Bb5 Bd7 10. 0-0 f6 11. Bxc6 Bxc6 12. Nbd2 Bb5 13. c4 Bc6 14. Ra2 fxe5 15. Nxe5 Bb7 16. dxc5 Bxc5 17. Bxc5 bxc5 18. Ra5 Rc8 19. Rxa7 Rc7 20. Nd3 dxc4 21. bxc4 Rd7 22. Nxc5 Rxd2 23. Rxb7 Re2 24. Ra1 Rd2 25. Ra8+ Rd8 26. Rxd8+ Kxd8 27. Nxe6+ Ke8 28. Nxg7+ Kd8 29. Ne6+ Kc8 30. Rc7+ Kb8 31. f4 Nf6 32. f5 Rc8 33. Rxc8+ Kxc8 34. h3 Kd7 35. Kf2 Kd6 36. Ke3 Ke5 37. g4 h6 38. b4 Ne4 39. b5 Nd6 40. Kd3 Nb7 41. c5 Kd5 42. h4 Nxc5+ 43. Nxc5 Kxc5 44. f6 Kd6 45. b6 Ke6 46. b7 1-0